| 000 | 00492nam a2200193Ia 4500 | ||
|---|---|---|---|
| 008 | 170918s9999 xx 000 0 und d | ||
| 020 | _a9780531071427 | ||
| 050 | _bG779 1995 | ||
| 100 | _aGray, Libba Moore | ||
| 245 | _aMy mama had a dancing heart / | ||
| 245 | _cLibba Moore Gray ; illustrated by Raul Colon. | ||
| 260 | _aNew York : | ||
| 260 | _bScholastic, | ||
| 260 | _c1995 | ||
| 300 | _aunpaged : | ||
| 300 | _bcolored illustration ; | ||
| 300 | _c26cm. | ||
| 500 | _a1010 | ||
| 999 |
_c341991 _d341991 |
||